<?xml version="1.0" encoding="UTF-8"?>
<marc:record xmlns:marc="http://www.loc.gov/MARC21/slim">
   <marc:leader>00000nam a2200000 a 4500</marc:leader>
   <marc:datafield ind1="1" ind2=" " tag="100">
      <marc:subfield code="a">Danks, Fiona</marc:subfield>
      <marc:subfield code="4">aut</marc:subfield>
      <marc:subfield code="e">Verfasser/-in</marc:subfield>
   </marc:datafield>
   <marc:datafield ind1="0" ind2="0" tag="245">
      <marc:subfield code="a">Das Buch vom Stock</marc:subfield>
   </marc:datafield>
   <marc:datafield ind1="0" ind2="0" tag="245">
      <marc:subfield code="b">werken, basteln und spielen im Freien</marc:subfield>
   </marc:datafield>
   <marc:datafield ind1=" " ind2="1" tag="264">
      <marc:subfield code="b">AT-Verl.</marc:subfield>
      <marc:subfield code="c">2012</marc:subfield>
   </marc:datafield>
   <marc:datafield ind1="1" ind2=" " tag="520">
      <marc:subfield code="a">Ein Schwertt, um Drachen zu bekämpfen, ein Stb zum Spurenlesen, ein Kescher, um Wasserlebewesen zu erforschen, eine Schleuder, ein magischer Zauberstab oder ein Hexenbesen für die Reise in andere Welten ...
Stöcke, Stecken, Äste und Ruten sind vielleicht das einfachste, vielseitigste und beliebteste Spielzeug aller Zeiten - und der Beginn zahlloser Abenteuer für Generationen von Kindern weltweit. Sie sind überall in der Natur leicht zu finden, kosten nichts und lassen sich mit etwas Fantasie und ein paar wenigen Hilfsmitteln in fast alles verwandeln, was man sich wünscht. 
Dieses Buch bietet eine Fülle von Ideen, Tipps und Anregungen für Spiel und Spaß im Ferien.</marc:subfield>
   </marc:datafield>
   <marc:datafield ind1=" " ind2=" " tag="020">
      <marc:subfield code="a">9783038006626</marc:subfield>
      <marc:subfield code="9">9783038006626</marc:subfield>
   </marc:datafield>
</marc:record>
